Cocina de mujeres: 100 recetas del mundo
Gespeichert in:
| 1. Verfasser: | |
|---|---|
| Format: | Buch |
| Sprache: | Spanisch |
| Veröffentlicht: |
Barcelona
RBA Libros
2004
|
| Ausgabe: | 1a. ed |
| Schlagworte: | |
| Tags: |
Tag hinzufügen
Keine Tags, Fügen Sie den ersten Tag hinzu!
|
MARC
| LEADER | 00000cam a2200000 a 4500 | ||
|---|---|---|---|
| 001 | UCF1944 | ||
| 003 | CL-VaPUC | ||
| 005 | 20231113103206.0 | ||
| 008 | 120802e20041000SP |||||||||||||||||spa|d | ||
| 999 | |c 348628 |d 348626 | ||
| 020 | |a 8478711740 | ||
| 040 | |c Pontificia Universidad Católica de Valparaíso | ||
| 082 | 0 | 4 | |a 641.5 |b MAS |2 21 |
| 100 | |a Maslakian, Cécile |e autora |9 563508 | ||
| 245 | 1 | 0 | |a Cocina de mujeres: 100 recetas del mundo |
| 250 | |a 1a. ed | ||
| 260 | |a Barcelona |b RBA Libros |c 2004 | ||
| 300 | |a 285 p | ||
| 583 | |a last modification |c 20120802 10:35:00 |k Rodrigo Vera | ||
| 650 | 0 | |a Cocina |9 328037 | |
| 650 | 7 | |a COCINA INTERNACIONAL |2 CL-VaPUC |9 560691 | |
| 650 | 0 | |a Gastronomía |9 324668 | |
| 942 | |c BK |2 ddc | ||
| 945 | |d 20120802 00:00:00 |a dcastane | ||
| 952 | |0 0 |1 0 |4 0 |6 641_500000000000000_MAS_2004 |7 0 |8 A |9 450747 |a BIBING |b BIBING |d 2019-11-22 |i 4873653 |l 1 |o 641.5 MAS 2004 |p 4873653 |r 2025-01-20 |s 2024-07-01 |w 2019-11-22 |y BK |k CUI | ||